000 00507nam a2200229Ia 4500
003 IT-RoPAU
008 120407s9999 xx 000 0 und d
040 _aIT-RoPAU
040 _cIT-RoPAU
041 _aita
100 _aMarie-Joséphe Aubert
245 _aIl diaconato alle donne?
250 _aCinisello Balsamo
260 _aEdizioni Paoline
260 _c1989
300 _a218 p.
300 _c21 cm
490 _aProblemi e dibattiti, 11
490 _v1
942 _cBK
999 _c29095
_d29095